000 00944nam1a22002411i 4500
001 rc\2891655
005 20260408072944.0
035 _a(NLR Aleph) 007043930
090 _a6124501
_c6124501
100 _a20110725d1929 |||y0rusy50 ca
101 0 _arus
102 _aRU
105 _ay z |||||
200 1 _aБоевой устав артиллерии Р.К.К.А.
_eЧасть 1-
_fСССР. Нар. ком. по воен. и мор. делам
210 _aМосква
_aЛенинград
_cГос. изд-во. Отд. воен. лит.
_d1929
_eЛенинград
_gЦентр. тип. Наркомвоенмора
215 _d17х11 см
300 _aВ клеенчатом переплете
500 0 0 _6z01710
_aВоенные уставы, наставления и т. п.
710 0 1 _aСССР
_3RU\NLR\AUTH\8810063225
_9628051
801 0 _aRU
_bNLR
_gpsbo
801 1 _aRU
_bELAR
_2rusmarc
852 _aNLR
_j83/753
942 _cBOOK